Miqyasa Salaat (Urdu) (Record no. 298519)
[ view plain ]
| 000 -LEADER | |
|---|---|
| fixed length control field | 00196 a2200097 4500 |
| 001 - CONTROL NUMBER | |
| control field | 63446 |
| 082 ## - DEWEY DECIMAL CLASSIFICATION NUMBER | |
| Classification number | 297.2 UMA |
| 090 ## - LOCALLY ASSIGNED LC-TYPE CALL NUMBER (OCLC); LOCAL CALL NUMBER (RLIN) | |
| -- | 37506 |
| -- | 37506 |
| 245 ## - TITLE STATEMENT | |
| Title | Miqyasa Salaat (Urdu) |
| 260 ## - PUBLICATION, DISTRIBUTION, ETC. | |
| Place of publication, distribution, etc. | Lahore |
| 942 ## - ADDED ENTRY ELEMENTS (KOHA) | |
| Institution code [OBSOLETE] | NUST-CAE |
| Call number prefix | 297.2 UMA |
| Withdrawn status | Lost status | Damaged status | Not for loan | Collection code | Permanent Location | Current Location | Date acquired | Total Checkouts | Full call number | Barcode | Date last seen | Price effective from | Koha item type |
|---|---|---|---|---|---|---|---|---|---|---|---|---|---|
| College of Aeronautical Engineering (CAE) | College of Aeronautical Engineering (CAE) | 04/03/2017 | 297.2 UMA | CAEG-5442 | 04/05/2017 | 04/05/2017 | Book |
